000 00698nam a22002177i 4500
003 URS
005 20250430185626.0
008 180919b xxu||||| |||| 00| 0 eng d
040 _erda
_cURS
_bEnglish
050 _aDS668.A3
_bAg73h 1990
100 _aAgoncillo, Teodoro A.,
_eauthor.
245 _aHistory of the Filipino people /
_cTeodoro A. Agoncillo.
264 _aQuezon City :
_bGarotech Publishing,
_c©1990.
300 _a637 pages :
_billustrations ;
_c22 cm.
336 _atext
_btxt
_2rdacontent
337 _aunmediated
_bn
_2rdamedia
338 _avolume
_bnc
_2rdacarrier
504 _aIncludes bibliographical references.
650 0 _aPhilippine Islands
_vHistory.
942 _2lcc
_cF
999 _c10393
_d10393